| 000 | 00818cab a2200217 4500 | ||
|---|---|---|---|
| 001 | X93273 | ||
| 008 | 090401t1998 xxu||||| |||| 00| 0 eng d | ||
| 035 | _a(Sirsi) u87838 | ||
| 041 | _aeng | ||
| 245 | _aGardner and another v Davis and another | ||
| 260 | _c1998 | ||
| 350 | _a0 | ||
| 490 |
_aNew Property Cases _v1998 NPC 123 |
||
| 520 | _aCA 15 July 1998. An apparent straight contradiction of the decision reported as "Carew Pole v Peake" 1998 NPC 121 which held inter alia that a court cannot import the need to be reasonable in the use of an easement if there are no words to that effect in the grant. NB NO PHOTOCOPYING ALLOWED. | ||
| 650 | _aCAREW POLE V PEAKE | ||
| 650 | _aEASEMENT | ||
| 650 | _aRIGHT OF WAY | ||
| 690 | _aPROPERTY LAW AND PRACTICE-CASE LAW | ||
| 942 | _n0 | ||
| 948 | _c05/08/1998 | ||
| 999 |
_c55437 _d55437 |
||